<?xml version="1.0" encoding="UTF-8"?>
<collection xmlns="http://www.loc.gov/MARC21/slim">
 <record>
  <leader>01515nam a2200205Ia 4500</leader>
  <controlfield tag="001">CTU_219491</controlfield>
  <controlfield tag="008">210402s9999    xx            000 0 und d</controlfield>
  <datafield tag="020" ind1=" " ind2=" ">
   <subfield code="c">5.43</subfield>
  </datafield>
  <datafield tag="082" ind1=" " ind2=" ">
   <subfield code="a">540</subfield>
  </datafield>
  <datafield tag="082" ind1=" " ind2=" ">
   <subfield code="b">H468</subfield>
  </datafield>
  <datafield tag="100" ind1=" " ind2=" ">
   <subfield code="a">Hein, Morris</subfield>
  </datafield>
  <datafield tag="245" ind1=" " ind2="0">
   <subfield code="a">College chemistry</subfield>
  </datafield>
  <datafield tag="245" ind1=" " ind2="0">
   <subfield code="c">Morris Hein, Leo R. Best</subfield>
  </datafield>
  <datafield tag="260" ind1=" " ind2=" ">
   <subfield code="a">Encino, Calif.</subfield>
  </datafield>
  <datafield tag="260" ind1=" " ind2=" ">
   <subfield code="b">Dickenson Pub. Co.</subfield>
  </datafield>
  <datafield tag="260" ind1=" " ind2=" ">
   <subfield code="c">1976</subfield>
  </datafield>
  <datafield tag="520" ind1=" " ind2=" ">
   <subfield code="a">The book emphasizes the connection between chemistry and the lives of the students. Each chapter opens with a color photo relating the chapter to daily life. Each chapter contains a special section titled &quot;Chemistry in Action,&quot; which shows the impact of chemistry in a variety of chemical applications.These essays and photos cover such topics as superconductors, food additives, photogray sunglasses, scuba diving, and the restoration of the Statue of Liberty. Atoms, molecules, and reactions are all an integral part of the chemical nature and matter. The book continues to present new material at a level appropriate for the beginning student by accentuating nomenclature, composition of compounds, and reaction before moving into the details of atomic structure. The examples show how to incorporate fundamental mathematical skills, scientific notation, and significant figures by following the rules consistently. A list of &quot;Concept in Review&quot; given at the end of each chapter guides in determin</subfield>
  </datafield>
  <datafield tag="650" ind1=" " ind2=" ">
   <subfield code="a">Hóa học,Chemistry</subfield>
  </datafield>
  <datafield tag="904" ind1=" " ind2=" ">
   <subfield code="i">Hải</subfield>
  </datafield>
  <datafield tag="980" ind1=" " ind2=" ">
   <subfield code="a">Trung tâm Học liệu Trường Đại học Cần Thơ</subfield>
  </datafield>
 </record>
</collection>
